000 00925nam a2200277Ia 4500
003 OSt
005 20220923211157.0
006 a|||||r|||| 00| 0
007 ta
008 Pun
020 _a8187762594 (hbk)
_c490
024 _a319,551
037 _b770, 27/02/2017, H.K. Prakashan
_cTextual
040 _aARTS
_cARTS
_bPun
041 _2Pun
_aPun
082 _aO1,1x, 153Q6.2
100 _aਹੁੰਦਲ, ਹਰਭਜਨ ਸਿੰਘ, ਂਚ.
_9159175
245 0 _aਵਿFਵ ਕਵੀ ਭਾਗ-2
260 _aਦਿੱਲੀ
_b ਮਨਪ੍ਰੀਤ ਪ੍ਰਕਾFਨ
_c2016
300 _a223ਪ੍ਰ0
_ccm.
490 _vळात.2
650 _a ਵਿFਵ ਸਾਹਿਤ
_9159176
650 _aਸ਼ਚਅਹ਼ਲਜ
_9159177
942 _hO1,1x, 153Q6.2
_cTEXL
_2CC
999 _c296361
_d296361